Managing purchasing : organizing, planning and control /

This book is about: People and money; Materials; Financial reporting, the purchasing forecast and the corporate purchasing plan; The recruitment process; ...

Saved in:
Bibliographic Details
Main Author: Farrington, Brian.
Other Authors: Waters, Derek W. F.
Format: Book
Language:English
Published: London : Chapman and Hall, 1994.
Subjects:
Tags: Add Tag
No Tags, Be the first to tag this record!
Institutions: Mạng thư viện Đại học Đà Nẵng
LEADER 01096cam a2200349 i 4500
001 000048993
003 8720
005 20051111142147.0
008 010321b1994 vm 000 eng
020 |a 0412567601 
040 |a IRC  |c IRC  |d IRC 
041 0 |a eng 
082 1 4 |a 658.72  |b FA-B 
100 1 |a Farrington, Brian. 
245 0 0 |a Managing purchasing :  |b organizing, planning and control /  |c Brian Farrington, Derek W.F. Waters. 
260 |a London :  |b Chapman and Hall,  |c 1994. 
300 |a xxii, 241 p. :  |b ill. ;  |c 24.5cm. 
520 3 |a This book is about: People and money; Materials; Financial reporting, the purchasing forecast and the corporate purchasing plan; The recruitment process; ... 
630 0 4 |a Management. 
650 0 4 |a Industrial procurement  |x Management. 
650 0 4 |a Materials management. 
700 1 |a Waters, Derek W. F. 
OWN |a DUT 
999 |a From the UDN01 
TYP |a Monograph 
TYP |a Printed language 
980 |a Mạng thư viện Đại học Đà Nẵng